000 00284nam a2200121Ia 4500
008 190216s9999||||xx |||||||||||||| ||und||
100 _aCronin A J
245 4 _aThe Citadel
260 _bB I Publication
_c1984
300 _a361
650 _aEnglish Novel-English Novel
942 _cBK
999 _c13195
_d13195